000 00700nam a2200169 i 4500
001 183819
003 ES-MaACL
005 20230906221957.0
008 141021s1847 sp |||| | spa d
080 _a378:351.851.85(460)"1847"(094.5)
110 1 _aEspaña.
_bMinisterio de Comercio, Instrucción y Obras Públicas.
_9170703
245 1 0 _aReglamento para la ejecución del plan de estudios decretado por S.M. en 8 de julio de 1847.
260 _a[S.l.] :
_b[s.n.],
_c1847 (
_eMadrid :
_fImp. Nacional)
300 _a86, [2] p. ;
_c22 cm.
650 4 _aEnseñanza superior-
_zEspaña-
_vLegislación.
_912319
852 _aES-MaACL
_jT-568-F-5
_z.- Sello del Ministerio de Fomento, Depósito de libros
999 _c183819
_d183819